| 000 | 00435nam a22001697a 4500 | ||
|---|---|---|---|
| 003 | NUST - PNEC | ||
| 005 | 20170116180951.0 | ||
| 008 | 150908b xxu||||| |||| 00| 0 eng d | ||
| 020 | _a- | ||
| 040 | _cLIBRARY | ||
| 082 | _a621.381537 GIV | ||
| 100 |
_99140 _aGivone, Donald D. |
||
| 245 |
_aIntroduction to switching circuit theory _cDonald D. Givone |
||
| 260 | _cc.1970 | ||
| 650 |
_99144 _aCircuit Theory _xEE |
||
| 942 |
_2ddc _cBK |
||
| 999 |
_c66423 _d66423 |
||